| 000 | 00695cab a2200229 4500 | ||
|---|---|---|---|
| 001 | WB2916-32 | ||
| 008 | 090401t1993 xxu||||| |||| 00| 0 eng d | ||
| 035 | _a(Sirsi) u11836 | ||
| 041 | _aeng | ||
| 245 | _aIACS: forage areas | ||
| 260 | _c1993 | ||
| 350 | _a0 | ||
| 490 |
_aMAFF News Release _v(132/93) 23 April 1993 (2) |
||
| 520 | _aAs there are parts of the country where OS maps to 1:2500 scale are unavailable, farmers can provide estimates of the area of forage land in IACS declarations. | ||
| 650 | _aARABLE AREA PAYMENTS | ||
| 650 | _aCAP REFORM | ||
| 650 | _aFORAGE AREAS | ||
| 650 | _aIACS DOCUMENTATION | ||
| 690 | _aRURAL PRACTICE | ||
| 942 | _n0 | ||
| 948 | _c04/03/1997 | ||
| 999 |
_c7559 _d7559 |
||